Datum a čas kvízu
19.5
Celkem bodů
Celkový počet nahraných bodů na tomto kvízu bez doplňovacích otázek.
6.
Pořadí na kvízu
Konečné umístění týmu na tomto kvízu.
Zaznamenané odpovědi
| # | Otázka | Odpověď | Body | Výsledky |
|---|---|---|---|---|
| 1. | Zuzana Majerová z hnutí Trikol... | Rychlé šípy | 1 | |
| 2. | V rakouském St. Pölten se na t... | o losa | 1 | |
| 3. | V noci ze středy na čtvrtek by... | Jimmy Kimmel | 0 | |
| 4. | Společnost China Eastern Airli... | Buenos Aires | 0 | |
| 5. | Jak se jmenuje český skokan do... | Jan Štefela | 0 | |
| 6. | Ve spolupráci s Radou Evropy j... | 1B 2C 3D 4A | 1 | |
| 7. | Pokud vám prozradíme, že červe... | július | 1 | |
| 8. | Jak se na V jmenuje autonomní... | Vojvodina | 0 | |
| 9. | Která z těchto knih nebyla nap... | B | 0 | |
| 10. | Pozoruhodným jazykem je velšti... | slunéčko (beruška) | 0 |